000 00807nam a2200265 i 4500
001 000024299
003 DO-SdBNP
005 20240123090853.0
007 ta
008 110126s1974 dr 000 0 spa d
040 _aDO-SdBNP
_bspa
_cBNPHU
_erda
049 _aBNPD
082 4 _bG491a
_222
100 1 _aGimbernald, Jacinto,
_949870
_eautor
245 1 0 _aAcción y presencia del mal :
_bensayo /
_cJacinto Gimbernald.
264 _aSanto Domingo :
_bTaller,
_c1974.
300 _a156 páginas ;
_c22 cm.
336 _2rdacontent
_atexto
_btxt
337 _2rdamedia
_asin mediación
_bn
338 _2rdacarrier
_avolumen
_bnc
490 _aBiblioteca Taller
_v33
500 _aIncluye referencias bibliográficas y notas al pie de las páginas
590 _aInventariado, 2024/BT
942 _2ddc
_cLBS1
999 _c23792
_d23792